• 首页
  • 本馆介绍
  • 公告通知
  • 最新文献
  • 馆藏检索
  • 电子资源
  • 读者导购
  • 参考咨询
  • 我的图书馆
  • 登录
  • 详细信息显示
  • 放入我的书架
  • 预约/预借图书
  • 作者相关作品
  • 分类相关作品
  • 丛书相关作品
  • 出版社相关作品

书目信息

  • 表格格式
  • 工作单格式
  • 卡片格式
题名:
社会主义经济核算理论
    
 
作者: 王绍飞 , 何振一 , 陈令淑 , 易宏仁 著
分册:  
出版信息: 北京   中国社会科学出版社  1979.04
页数: 144页
开本: 19cm
丛书名:
单 册:
中图分类: F221
科图分类:
主题词: 经济--计算 , 经济数学--方法
电子资源:
ISBN:
000 00672nam0 2200253 45
001 0204110991
005 20031219104109.0
010    @dCNY0.40
091    @a4190.006
100    @a20020411d1979 km y0chiy0120 ea
101 0  @achi
105    @a z 000yy
200 1  @a社会主义经济核算理论@AShe Hui Zhu Yi Jing Ji He Suan Li Lun@f王绍飞著@FWang Shao Fei Zhu
210    @a北京@c中国社会科学出版社@d1979.04
215    @a144页@d19cm
606 0  @a经济@x计算
606 0  @a经济数学@x方法
690    @aF221@v3
701  0 @a王绍飞@4著
701  0 @a何振一@4著
701  0 @a陈令淑@4著
701  0 @a易宏仁@4著
801    @aCN@bTSTC@c20020411
905    @f1@b35258@dF221@e6
    
    社会主义经济核算理论/王绍飞著.-北京:中国社会科学出版社,1979.04
    144页;19cm
    
    
    ISBN :CNY0.40
    
●
相关链接 在E读中查询图书 在五车中查询图书 在当当中查询图书 在豆瓣中查询图书


正题名:社会主义经济核算理论     索取号:F221/6         预约/预借

序号 登录号 条形码 馆藏地/架位号 状态 备注
1 0035258   001793312   密集书库/ [索取号:F221/6] 在馆    
2 0035259   000204763   第一样本阅览室/ [索取号:F221/6] 在馆    
唐山师范学院图书馆 欢迎您!
大连网信软件有限公司© 版权所有